[Event "Biel Master Tournament 2019"]
[Site "Biel"]
[Date "2019.07.28"]
[Round "6.19"]
[White "Bellahcene, Bilel"]
[Black "Karavade, Eesha"]
[Result "1/2-1/2"]
[WhiteElo "2541"]
[BlackElo "2355"]
[Annotator "ChessBase"]
[PlyCount "121"]
[EventDate "2019.07.20"]
[EventType "swiss"]
[EventCountry "SUI"]
[SourceTitle "playchess.com"]
[Source "ChessBase"]
[SourceQuality "1"]
[TimeControl "40/5400+30:1800+30"]

1. d4 {[%emt 0:09:00]} Nf6 {[%emt 0:00:00]} 2. c4 {[%emt 0:00:14]} e6 {[%emt 0:00:04]} 3. Nf3 {[%emt 0:00:04]} d5 {[%emt 0:00:29]} 4. g3 {[%emt 0:00:03]} dxc4 {[%emt 0:00:42]} 5. Bg2 {[%emt 0:00:06]} c5 {[%emt 0:00:19]} 6. O-O {[%emt 0:01:00]} Nc6 {[%emt 0:05:37]} 7. dxc5 {[%emt 0:00:04]} Qxd1 {[%emt 0:00:49]} 8. Rxd1 {[%emt 0:00:03]} Bxc5 {[%emt 0:00:07]} 9. Nbd2 {[%emt 0:00:02]} c3 {[%emt 0:00:11]} 10. bxc3 {[%emt 0:00:03]} O-O {[%emt 0:00:13]} 11. Nb3 {[%emt 0:00:01]} Be7 {[%emt 0:00:11]} 12. Nfd4 {[%emt 0:00:14]} Bd7 {[%emt 0:01:00]} 13. Nb5 {[%emt 0:05:27]} Ne5 {[%emt 0:14:36]} 14. N3d4 {[%emt 0:10:44]} a6 {[%emt 0:07:23]} 15. Ba3 {[%emt 0:01:15]} Bxa3 {[%emt 0:02:07]} 16. Nxa3 {[%emt 0:00:01]} Rac8 {[%emt 0:00:10]} 17. Bxb7 {[%emt 0:14:11]} Rxc3 {[%emt 0:00:08]} 18. Nb1 {[%emt 0:02:44]} Rc5 {[%emt 0:14:26]} 19. Bxa6 {[%emt 0:04:07]} Ba4 {[%emt 0:00:08]} 20. Re1 {[%emt 0:03:53]} Ra8 {[%emt 0:04:27]} 21. Bb7 {[%emt 0:05:22]} Rd8 {[%emt 0:03:40]} 22. e3 {[%emt 0:05:48]} Nd3 {[%emt 0:04:45]} 23. Rf1 {[%emt 0:02:11]} e5 {[%emt 0:08:56]} 24. Ne2 {[%emt 0:03:15]} Rb8 {[%emt 0:04:45]} 25. Nbc3 {[%emt 0:02:37]} Bc2 {[%emt 0:00:07]} 26. Bg2 {[%emt 0:01:50]} Ra5 {[%emt 0:06:17]} 27. a4 {[%emt 0:00:20]} Nc5 {[%emt 0:00:12]} 28. Ra2 {[%emt 0:05:45]} Bd3 {[%emt 0:00:08]} 29. Rfa1 {[%emt 0:01:07]} g6 {[%emt 0:10:28]} 30. h3 {[%emt 0:01:15]} Bc4 {[%emt 0:00:16]} 31. Ra3 {[%emt 0:07:17]} Rb2 {[%emt 0:00:36]} 32. Bf1 {[%emt 0:03:19]} Nfe4 {[%emt 0:04:51]} 33. Nd1 {[%emt 0:07:10]} Rxe2 {[%emt 0:03:03]} 34. Bxe2 {[%emt 0:00:06]} Bxe2 {[%emt 0:00:04]} 35. Nb2 {[%emt 0:00:41]} Kf8 {[%emt 0:00:56]} 36. Re1 {[%emt 0:01:45]} Ba6 {[%emt 0:00:11]} 37. Kg2 {[%emt 0:01:47]} Ke7 {[%emt 0:00:06]} 38. f3 {[%emt 0:00:14]} Nd6 {[%emt 0:00:37]} 39. Rc1 {[%emt 0:00:53]} e4 {[%emt 0:00:38]} 40. f4 {[%emt 0:01:30]} Ke6 {[%emt 0:01:04]} 41. Rb1 {[%emt 0:08:30]} Nd3 {[%emt 0:02:47]} 42. Nd1 {[%emt 0:00:08]} Nc4 {[%emt 0:00:43]} 43. Ra2 {[%emt 0:00:05]} Nc5 {[%emt 0:03:33]} 44. Rb4 {[%emt 0:00:49]} h5 {[%emt 0:00:13]} 45. g4 {[%emt 0:02:01]} hxg4 {[%emt 0:04:56]} 46. hxg4 {[%emt 0:01:36]} Kd6 {[%emt 0:00:03]} 47. Kg3 {[%emt 0:00:36]} Kc7 {[%emt 0:01:29]} 48. Rh2 {[%emt 0:08:28]} Rxa4 {[%emt 0:02:57]} 49. Rxa4 {[%emt 0:00:08]} Nxa4 {[%emt 0:00:04]} 50. f5 {[%emt 0:01:37]} gxf5 {[%emt 0:02:22]} 51. gxf5 {[%emt 0:00:01]} Nc5 {[%emt 0:01:25]} 52. Kg4 {[%emt 0:03:02]} Kd7 {[%emt 0:00:17]} 53. Kg5 {[%emt 0:00:22]} Ke7 {[%emt 0:00:49]} 54. Rh8 {[%emt 0:00:23]} Nd6 {[%emt 0:01:03]} 55. Nc3 {[%emt 0:01:19]} Bc4 {[%emt 0:01:09]} 56. Ra8 {[%emt 0:01:48]} f6+ {[%emt 0:01:41]} 57. Kf4 {[%emt 0:00:27]} Nd3+ {[%emt 0:00:18]} 58. Kg4 {[%emt 0:00:01]} Ne5+ {[%emt 0:04:24]} 59. Kf4 {[%emt 0:00:29]} Nd3+ {[%emt 0:00:11]} 60. Kg4 {[%emt 0:00:04]} Ne5+ {[%emt 0:00:05]} 61. Kf4 {[%emt 0:00:06]} 1/2-1/2

[Event "Biel Master Tournament 2019"]
[Site "Biel"]
[Date "2019.07.28"]
[Round "6.20"]
[White "Haimovich, Tal"]
[Black "Stany, G.A."]
[Result "1/2-1/2"]
[WhiteElo "2379"]
[BlackElo "2525"]
[Annotator "ChessBase"]
[PlyCount "127"]
[EventDate "2019.07.20"]
[EventType "swiss"]
[EventCountry "SUI"]
[SourceTitle "playchess.com"]
[Source "ChessBase"]
[SourceQuality "1"]
[TimeControl "40/5400+30:1800+30"]

1. e4 {[%emt 0:00:00]} c5 {[%emt 0:00:00]} 2. Nf3 {[%emt 0:00:00]} e6 {[%emt 0:00:00]} 3. d4 {[%emt 0:00:00]} cxd4 {[%emt 0:00:00]} 4. Nxd4 {[%emt 0:00:00]} Nc6 {[%emt 0:00:00]} 5. Nc3 {[%emt 0:00:00]} Qc7 {[%emt 0:00:00]} 6. Be2 {[%emt 0:00:07]} a6 {[%emt 0:00:18]} 7. O-O {[%emt 0:00:12]} Nf6 {[%emt 0:00:07]} 8. Be3 {[%emt 0:00:08]} Bb4 {[%emt 0:03:55]} 9. Nxc6 {[%emt 0:00:21]} bxc6 {[%emt 0:01:07]} 10. Qd4 {[%emt 0:00:08]} c5 {[%emt 0:16:24]} 11. Qc4 {[%emt 0:00:39]} Bb7 {[%emt 0:00:04]} 12. a3 {[%emt 0:00:06]} d5 {[%emt 0:11:53]} 13. exd5 {[%emt 0:00:10]} exd5 {[%emt 0:00:05]} 14. Qf4 {[%emt 0:00:04]} Qxf4 {[%emt 0:01:55]} 15. Bxf4 {[%emt 0:00:04]} Ba5 {[%emt 0:10:49]} 16. Bf3 {[%emt 0:15:03]} Bc6 {[%emt 0:11:04]} 17. Bd6 {[%emt 0:15:09]} Bb6 {[%emt 0:02:41]} 18. Be5 {[%emt 0:01:59]} Ne4 {[%emt 0:05:22]} 19. Bxg7 {[%emt 0:07:12]} Rg8 {[%emt 0:00:17]} 20. Bxe4 {[%emt 0:08:05]} dxe4 {[%emt 0:00:30]} 21. Bh6 {[%emt 0:01:10]} O-O-O {[%emt 0:02:54]} 22. Be3 {[%emt 0:04:28]} Ba5 {[%emt 0:04:34]} 23. Rfb1 {[%emt 0:16:04]} c4 {[%emt 0:08:37]} 24. Ne2 {[%emt 0:02:36]} Bc7 {[%emt 0:02:01]} 25. Rd1 {[%emt 0:02:22]} f5 {[%emt 0:01:18]} 26. g3 {[%emt 0:06:24]} Be5 {[%emt 0:01:52]} 27. Bd4 {[%emt 0:02:12]} Bc7 {[%emt 0:00:06]} 28. Be3 {[%emt 0:08:16]} Be5 {[%emt 0:00:35]} 29. Rxd8+ {[%emt 0:01:48]} Rxd8 {[%emt 0:02:32]} 30. c3 {[%emt 0:00:13]} Be8 {[%emt 0:01:46]} 31. Bd4 {[%emt 0:00:39]} Bc7 {[%emt 0:00:33]} 32. Kf1 {[%emt 0:01:07]} Bh5 {[%emt 0:00:45]} 33. Ke1 {[%emt 0:00:42]} Kb7 {[%emt 0:01:00]} 34. Rd1 {[%emt 0:00:43]} Kc6 {[%emt 0:02:02]} 35. Rd2 {[%emt 0:04:59]} Kb5 {[%emt 0:00:28]} 36. Nc1 {[%emt 0:00:13]} Ka4 {[%emt 0:05:41]} 37. Be3 {[%emt 0:00:40]} Bf3 {[%emt 0:01:41]} 38. Rd4 {[%emt 0:02:11]} Rxd4 {[%emt 0:00:04]} 39. Bxd4 {[%emt 0:00:32]} Bd8 {[%emt 0:00:28]} 40. Kd2 {[%emt 0:02:05]} Bg5+ {[%emt 0:00:08]} 41. Be3 {[%emt 0:30:11]} Be7 {[%emt 0:30:06]} 42. Kc2 {[%emt 0:00:00]} Bf8 {[%emt 0:00:00]} 43. Na2 {[%emt 0:00:00]} a5 {[%emt 0:00:00]} 44. Nc1 {[%emt 0:00:00]} Be7 {[%emt 0:00:00]} 45. Bb6 {[%emt 0:00:00]} Kb5 {[%emt 0:00:00]} 46. Ba7 {[%emt 0:00:00]} Ka4 {[%emt 0:00:00]} 47. Kd2 {[%emt 0:00:00]} Bg5+ {[%emt 0:00:00]} 48. Be3 {[%emt 0:00:00]} Be7 {[%emt 0:00:00]} 49. Bf4 {[%emt 0:00:00]} Bc5 {[%emt 0:00:00]} 50. Ke1 {[%emt 0:00:00]} Be7 {[%emt 0:00:00]} 51. Bh6 {[%emt 0:00:00]} Bd8 {[%emt 0:00:00]} 52. h4 {[%emt 0:00:00]} Be7 {[%emt 0:00:00]} 53. Kd2 {[%emt 0:02:06]} Bc5 {[%emt 0:00:00]} 54. Be3 {[%emt 0:00:03]} Bf8 {[%emt 0:00:00]} 55. Bf4 {[%emt 0:03:13]} Bc5 {[%emt 0:00:00]} 56. Ke1 {[%emt 0:00:07]} Bf8 {[%emt 0:00:00]} 57. Be3 {[%emt 0:00:18]} Be7 {[%emt 0:00:00]} 58. Bf4 {[%emt 0:02:26]} Bc5 {[%emt 0:00:00]} 59. Bh6 {[%emt 0:00:43]} Bb6 {[%emt 0:00:00]} 60. Be3 {[%emt 0:00:20]} Bc7 {[%emt 0:00:00]} 61. Kd2 {[%emt 0:00:19]} Bd6 {[%emt 0:00:00]} 62. Kc2 {[%emt 0:00:48]} Bf8 {[%emt 0:00:00]} 63. Kd2 {[%emt 0:01:23]} f4 {[%emt 0:00:09]} 64. Bb6 {[%emt 0:00:04]} 1/2-1/2

[Event "Biel Master Tournament 2019"]
[Site "Biel"]
[Date "2019.07.29"]
[Round "7.1"]
[White "Erigaisi Arjun"]
[Black "Brkic, Ante"]
[Result "1/2-1/2"]
[WhiteElo "2531"]
[BlackElo "2573"]
[Annotator "ChessBase"]
[PlyCount "37"]
[EventDate "2019.07.20"]
[EventType "swiss"]
[EventCountry "SUI"]
[SourceTitle "playchess.com"]
[Source "ChessBase"]
[SourceQuality "1"]
[TimeControl "40/5400+30:1800+30"]

1. Nf3 {[%emt 0:00:03]} d5 {[%emt 0:00:00]} 2. d4 {[%emt 0:00:06]} Nf6 {[%emt 0:00:00]} 3. c4 {[%emt 0:00:06]} e6 {[%emt 0:00:00]} 4. g3 {[%emt 0:00:07]} Bb4+ {[%emt 0:00:12]} 5. Bd2 {[%emt 0:00:07]} Be7 {[%emt 0:00:03]} 6. Bg2 {[%emt 0:00:07]} O-O {[%emt 0:00:07]} 7. O-O {[%emt 0:00:06]} c6 {[%emt 0:00:13]} 8. Qc2 {[%emt 0:00:10]} Nbd7 {[%emt 0:00:15]} 9. Bf4 {[%emt 0:00:09]} b6 {[%emt 0:01:34]} 10. Rd1 {[%emt 0:00:08]} Ba6 {[%emt 0:00:49]} 11. b3 {[%emt 0:01:35]} Rc8 {[%emt 0:01:03]} 12. Nc3 {[%emt 0:00:59]} dxc4 {[%emt 0:02:48]} 13. e4 {[%emt 0:10:07]} b5 {[%emt 0:00:50]} 14. bxc4 {[%emt 0:03:20]} bxc4 {[%emt 0:00:06]} 15. Rab1 {[%emt 0:06:20]} Qa5 {[%emt 0:14:48]} 16. Bd2 {[%emt 0:01:47]} Qa3 {[%emt 0:07:11]} 17. Bc1 {[%emt 0:03:42]} Qa5 {[%emt 0:01:21]} 18. Bd2 {[%emt 0:00:45]} Qa3 {[%emt 0:00:16]} 19. Bc1 {[%emt 0:00:46]} 1/2-1/2

[Event "Biel Master Tournament 2019"]
[Site "Biel"]
[Date "2019.07.29"]
[Round "7.2"]
[White "Salem, A.R. Saleh"]
[Black "Xiong, Jeffery"]
[Result "1/2-1/2"]
[WhiteElo "2672"]
[BlackElo "2691"]
[Annotator "TA"]
[PlyCount "51"]
[EventDate "2019.07.20"]
[EventType "swiss"]
[EventCountry "SUI"]
[SourceTitle "playchess.com"]
[Source "ChessBase"]
[SourceQuality "1"]

{[%evp 13,51,-3,2,-23,0,0,23,0,21,4,15,12,14,0,14,0,16,11,12,10,17,11,15,9,20,0,12,0,0,8,11,12,9,0,12,7,12,12,13,13]} 1. Nf3 d5 2. g3 Nd7 3. Bg2 e5 4. O-O Bd6 5. d3 c6 6. e4 Ngf6 7. Nc3 O-O 8. Nh4 {[%cal Re4d5] A00: Irregular Openings} dxe4 (8... Nb6 9. h3 Re8 10. Qf3 h6 11. Nf5 Bf8 12. g4 Be6 13. Bd2 dxe4 14. Nxe4 Nxe4 15. Qxe4 Bd5 {0-1 (46) Abramovic,B (2420)-Aronian,L (2795) Novi Sad 2016}) 9. Nf5 Bc5 10. Bg5 $146 {White has an edge.} ({Predecessor:} 10. dxe4 Nb6 11. Qf3 Bxf5 12. Qxf5 Qe7 13. Qf3 Qe6 14. h3 Rfd8 15. Bg5 h6 {0-1 (54) Al Ali,H (2265)-Mohammed,Z (2236) Erbil 2018}) 10... g6 {The position is equal.} 11. Nh6+ Kh8 12. dxe4 Be7 13. Qd2 Ng8 14. Be3 Ndf6 15. Qxd8 Bxd8 16. Bc5 Be7 17. Nxg8 Nxg8 18. Bxe7 Nxe7 19. f4 Be6 20. Rad1 Rad8 21. Bf3 f6 22. Kf2 Kg7 23. Ke3 Nc8 24. b3 Nd6 25. Be2 Rfe8 26. fxe5 {Accuracy: White = 45%, Black = 62%.} 1/2-1/2

[Event "Biel Master Tournament 2019"]
[Site "Biel"]
[Date "2019.07.29"]
[Round "7.3"]
[White "Puranik, Abhimanyu"]
[Black "Kamsky, Gata"]
[Result "1/2-1/2"]
[WhiteElo "2550"]
[BlackElo "2673"]
[Annotator "ChessBase"]
[PlyCount "73"]
[EventDate "2019.07.20"]
[EventType "swiss"]
[EventCountry "SUI"]
[SourceTitle "playchess.com"]
[Source "ChessBase"]
[SourceQuality "1"]
[TimeControl "40/5400+30:1800+30"]

1. e4 {[%emt 0:00:00]} g6 {[%emt 0:03:53]} 2. d4 {[%emt 0:00:00]} Bg7 {[%emt 0:00:05]} 3. Nc3 {[%emt 0:00:15]} d6 {[%emt 0:00:06]} 4. f4 {[%emt 0:00:41]} Nf6 {[%emt 0:02:03]} 5. Nf3 {[%emt 0:01:08]} c5 {[%emt 0:01:38]} 6. Bb5+ {[%emt 0:01:58]} Bd7 {[%emt 0:00:06]} 7. e5 {[%emt 0:00:23]} Ng4 {[%emt 0:00:06]} 8. Bxd7+ {[%emt 0:01:20]} Qxd7 {[%emt 0:00:42]} 9. d5 {[%emt 0:01:43]} dxe5 {[%emt 0:00:11]} 10. h3 {[%emt 0:00:23]} e4 {[%emt 0:00:55]} 11. hxg4 {[%emt 0:00:53]} exf3 {[%emt 0:04:03]} 12. Qxf3 {[%emt 0:00:04]} Na6 {[%emt 0:00:23]} 13. Bd2 {[%emt 0:01:15]} O-O-O {[%emt 0:01:07]} 14. O-O-O {[%emt 0:00:36]} Nb4 {[%emt 0:18:52]} 15. Ne4 {[%emt 0:01:12]} Qa4 {[%emt 0:14:23]} 16. Bxb4 {[%emt 0:01:00]} cxb4 {[%emt 0:00:10]} 17. Kb1 {[%emt 0:08:17]} Kb8 {[%emt 0:00:07]} 18. Ng5 {[%emt 0:08:45]} Rc8 {[%emt 0:14:16]} 19. Qb3 {[%emt 0:02:39]} Qxb3 {[%emt 0:00:05]} 20. axb3 {[%emt 0:00:03]} h6 {[%emt 0:00:06]} 21. Nf3 {[%emt 0:00:36]} Rhd8 {[%emt 0:02:13]} 22. Rhe1 {[%emt 0:08:30]} Rd7 {[%emt 0:01:51]} 23. Rd3 {[%emt 0:08:35]} Rc5 {[%emt 0:02:07]} 24. Red1 {[%emt 0:02:48]} Kc7 {[%emt 0:15:53]} 25. Ne5 {[%emt 0:06:05]} Bxe5 {[%emt 0:00:06]} 26. fxe5 {[%emt 0:00:03]} f6 {[%emt 0:00:53]} 27. exf6 {[%emt 0:11:12]} exf6 {[%emt 0:00:05]} 28. c4 {[%emt 0:01:39]} bxc3 {[%emt 0:00:06]} 29. bxc3 {[%emt 0:00:29]} b5 {[%emt 0:00:08]} 30. Kb2 {[%emt 0:02:02]} a5 {[%emt 0:00:54]} 31. Rd4 {[%emt 0:01:38]} Kd6 {[%emt 0:04:47]} 32. Rf1 {[%emt 0:03:02]} Rxd5 {[%emt 0:01:24]} 33. Rxf6+ {[%emt 0:00:27]} Kc5 {[%emt 0:00:13]} 34. Rxd5+ {[%emt 0:07:34]} Rxd5 {[%emt 0:00:06]} 35. Rxg6 {[%emt 0:00:31]} Rd2+ {[%emt 0:00:08]} 36. Kc1 {[%emt 0:00:11]} Rxg2 {[%emt 0:00:03]} 37. Rxh6 {[%emt 0:00:14]} 1/2-1/2

[Event "Biel Master Tournament 2019"]
[Site "Biel"]
[Date "2019.07.29"]
[Round "7.4"]
[White "Keymer, Vincent"]
[Black "Iturrizaga Bonelli, Eduardo"]
[Result "0-1"]
[WhiteElo "2513"]
[BlackElo "2625"]
[Annotator "TA"]
[PlyCount "132"]
[EventDate "2019.07.20"]
[EventType "swiss"]
[EventCountry "SUI"]
[SourceTitle "playchess.com"]
[Source "ChessBase"]
[SourceQuality "1"]

{[%evp 10,132,29,26,42,39,34,31,55,0,33,20,16,27,40,45,47,37,45,9,13,0,0,-16,0,-16,0,0,15,-25,31,0,8,-10,35,0,0,0,0,0,0,-5,17,0,35,20,26,25,60,60,45,50,60,28,64,66,54,71,72,39,55,51,126,131,139,121,121,112,139,135,140,133,135,137,146,137,191,160,178,166,196,201,207,195,204,184,187,121,158,108,128,106,121,98,121,114,112,112,143,171,139,126,108,45,79,0,0,0,0,0,0,0,0,0,0,0,0,-1012,-962,-2325,-1497,-29987,-29988,-29988,-29987]} 1. d4 Nf6 2. c4 e6 3. Nf3 Bb4+ 4. Nbd2 O-O 5. a3 Be7 6. e4 d6 {E11: Bogo-Indian} 7. Be2 Nbd7 8. b4 e5 {White is slightly better.} 9. d5 (9. O-O $14) 9... Re8 $146 ({Predecessor:} 9... a5 10. Bb2 c5 11. dxc6 bxc6 12. O-O axb4 13. axb4 Rxa1 14. Qxa1 {0-1 (58) Korobov,A (2715)-Tomashevsky,E (2709) Kiev 2013}) 10. Bd3 c6 11. O-O Nf8 12. Re1 Ng6 13. g3 Bg4 14. Bb2 a5 15. Qb3 Qd7 16. Bf1 h6 17. Bg2 cxd5 18. cxd5 b5 19. Nf1 Qb7 ({Better is} 19... axb4 $11 20. axb4 Rxa1 21. Bxa1 Bd8) 20. Ne3 Bd7 21. Nf5 Bf8 22. Bh3 Rec8 23. Nd2 axb4 24. axb4 Ra4 25. Rac1 Raa8 26. Kg2 Qb6 27. Ne3 Bxh3+ 28. Kxh3 Qb7 29. Kg2 Qd7 30. f3 Ne7 31. Nb1 h5 32. Rxc8 Rxc8 33. Qd3 g6 34. Na3 Bh6 35. Nd1 ({Much worse is} 35. Qxb5 Qxb5 36. Nxb5 Bxe3 $17) 35... Bc1 (35... h4 $14) 36. Bxc1 $16 Rxc1 37. Nxb5 h4 38. Nbc3 ({Reject} 38. gxh4 $6 Nh5 $11) 38... Kg7 39. Qd2 $36 {[%mdl 2048] White is on the roll.} Ra1 40. Nf2 Ra8 41. Rc1 Rh8 42. g4 Qa7 (42... h3+ $16 {was worth a try.} 43. Kg3 (43. Nxh3 Nxg4 44. Kg3 Nf6 $11) 43... Qd8) 43. Ncd1 $18 Rb8 44. Ne3 Nh7 45. Nc4 Qd7 46. h3 f6 47. Nd3 Ng5 48. Na5 (48. Qf2 $18) 48... Ra8 49. Rc4 Qb5 50. Rc7 Kf8 51. Qc3 Qb6 52. Nf2 {Threatens to win with Rb7.} Rb8 53. Rc4 Ra8 {[#]} 54. f4 $1 {[%mdl 512]} Nf7 (54... exf4 55. Qxf6+) 55. f5 Ng5 56. Nd1 ({White should play} 56. Qd2 $16) 56... Qb5 $14 57. Qc2 (57. Kg1 $16) 57... gxf5 $11 58. gxf5 Nxd5 $1 59. exd5 Qxd5+ 60. Kg1 {Hoping for Rc8+.} Nf3+ 61. Kf2 Nd4 $1 {[%cal Rd4c2]} 62. Rc8+ Kg7 63. Qc7+ $2 {[%mdl 8192]} (63. Rc7+ $11 Kh8 64. Rc8+ Kg7 65. Rc7+ Kh8 66. Rc8+ Kg7) 63... Kh6 $19 64. Qc1+ Kh5 {[#] ( -> ...Qf3+)} 65. Rc3 Rg8 66. Qe3 Qh1 {Accuracy: White = 49%, Black = 49%.} 0-1

[Event "Biel Master Tournament 2019"]
[Site "Biel"]
[Date "2019.07.29"]
[Round "7.5"]
[White "Donchenko, Alexander"]
[Black "Aryan, Chopra"]
[Result "1-0"]
[WhiteElo "2615"]
[BlackElo "2553"]
[Annotator "ChessBase"]
[PlyCount "121"]
[EventDate "2019.07.20"]
[EventType "swiss"]
[EventCountry "SUI"]
[SourceTitle "playchess.com"]
[Source "ChessBase"]
[SourceQuality "1"]
[TimeControl "40/5400+30:1800+30"]

1. Nf3 {[%emt 0:00:00]} Nf6 {[%emt 0:00:00]} 2. c4 {[%emt 0:00:00]} c5 {[%emt 0:00:00]} 3. Nc3 {[%emt 0:02:10]} d5 {[%emt 0:00:00]} 4. cxd5 {[%emt 0:00:22]} Nxd5 {[%emt 0:00:00]} 5. g3 {[%emt 0:01:20]} Nc6 {[%emt 0:00:00]} 6. Bg2 {[%emt 0:00:45]} Nc7 {[%emt 0:00:13]} 7. d3 {[%emt 0:01:31]} e5 {[%emt 0:00:09]} 8. Be3 {[%emt 0:02:38]} Bd7 {[%emt 0:05:25]} 9. O-O {[%emt 0:13:05]} Be7 {[%emt 0:01:22]} 10. a3 {[%emt 0:01:13]} O-O {[%emt 0:02:53]} 11. Rb1 {[%emt 0:01:31]} Re8 {[%emt 0:09:36]} 12. Nd2 {[%emt 0:09:17]} Rb8 {[%emt 0:12:06]} 13. Nce4 {[%emt 0:08:35]} Ne6 {[%emt 0:07:50]} 14. b4 {[%emt 0:08:15]} cxb4 {[%emt 0:03:03]} 15. axb4 {[%emt 0:00:05]} Bxb4 {[%emt 0:11:06]} 16. Bxa7 {[%emt 0:00:44]} Ra8 {[%emt 0:01:00]} 17. Be3 {[%emt 0:01:52]} f5 {[%emt 0:02:47]} 18. Ng5 {[%emt 0:06:55]} Nxg5 {[%emt 0:01:06]} 19. Bxg5 {[%emt 0:00:04]} Qxg5 {[%emt 0:00:12]} 20. Bxc6 {[%emt 0:00:04]} Bxc6 {[%emt 0:00:17]} 21. Rxb4 {[%emt 0:00:18]} Rad8 {[%emt 0:03:20]} 22. Nc4 {[%emt 0:06:22]} Qe7 {[%emt 0:18:48]} 23. Qb3 {[%emt 0:02:48]} Kh8 {[%emt 0:02:06]} 24. Na5 {[%emt 0:04:02]} Bd5 {[%emt 0:00:54]} 25. Qb2 {[%emt 0:00:57]} e4 {[%emt 0:05:01]} 26. dxe4 {[%emt 0:03:38]} Bxe4 {[%emt 0:00:58]} 27. Nxb7 {[%emt 0:01:57]} Rd7 {[%emt 0:01:24]} 28. Na5 {[%emt 0:00:38]} h6 {[%emt 0:03:06]} 29. Nc4 {[%emt 0:04:08]} Qc5 {[%emt 0:02:52]} 30. Ne3 {[%emt 0:05:49]} Red8 {[%emt 0:05:18]} 31. Rb5 {[%emt 0:02:50]} Qa7 {[%emt 0:01:40]} 32. Qa1 {[%emt 0:02:56]} Qc7 {[%emt 0:00:51]} 33. Qc1 {[%emt 0:02:10]} Qa7 {[%emt 0:00:33]} 34. Qa1 {[%emt 0:02:31]} Qc7 {[%emt 0:00:01]} 35. Qa5 {[%emt 0:00:10]} Qxa5 {[%emt 0:00:53]} 36. Rxa5 {[%emt 0:00:02]} g6 {[%emt 0:00:28]} 37. f3 {[%emt 0:01:14]} Bb7 {[%emt 0:00:23]} 38. Kf2 {[%emt 0:00:42]} Re7 {[%emt 0:00:15]} 39. Rc1 {[%emt 0:02:02]} Rde8 {[%emt 0:00:06]} 40. Rc3 {[%emt 0:00:18]} Kg7 {[%emt 0:01:23]} 41. h4 {[%emt 0:32:52]} h5 {[%emt 0:30:06]} 42. Ra2 {[%emt 0:00:00]} Bc8 {[%emt 0:00:00]} 43. Ng2 {[%emt 0:00:00]} Be6 {[%emt 0:00:00]} 44. Rb2 {[%emt 0:00:00]} Bf7 {[%emt 0:00:00]} 45. Nf4 {[%emt 0:00:00]} Ra8 {[%emt 0:00:00]} 46. Rc6 {[%emt 0:00:00]} Ra1 {[%emt 0:00:00]} 47. Rbb6 {[%emt 0:00:00]} Ra2 {[%emt 0:00:00]} 48. Rxg6+ {[%emt 0:00:00]} Bxg6 {[%emt 0:00:00]} 49. Rxg6+ {[%emt 0:00:00]} Kf7 {[%emt 0:00:00]} 50. Rg5 {[%emt 0:00:00]} Ra5 {[%emt 0:00:00]} 51. Rxh5 {[%emt 0:00:00]} Rae5 {[%emt 0:00:00]} 52. Rh7+ {[%emt 0:00:00]} Kg8 {[%emt 0:00:00]} 53. Rh6 {[%emt 0:00:00]} Kg7 {[%emt 0:00:00]} 54. Ra6 {[%emt 0:00:00]} Re8 {[%emt 0:00:00]} 55. h5 {[%emt 0:00:00]} Rc8 {[%emt 0:00:00]} 56. Ra1 {[%emt 0:00:00]} Kh6 {[%emt 0:00:00]} 57. Ra7 {[%emt 0:00:00]} Rc6 {[%emt 0:00:00]} 58. Rf7 {[%emt 0:00:00]} Rb6 {[%emt 0:00:00]} 59. Ng6 {[%emt 0:00:00]} Ra5 {[%emt 0:00:00]} 60. Ne7 {[%emt 0:00:00]} Rbb5 {[%emt 0:03:29]} 61. f4 {[%emt 0:00:00]} 1-0

[Event "Biel Master Tournament 2019"]
[Site "Biel"]
[Date "2019.07.29"]
[Round "7.6"]
[White "Shyam, Sundar M."]
[Black "Erdos, Viktor"]
[Result "1/2-1/2"]
[WhiteElo "2520"]
[BlackElo "2603"]
[Annotator "ChessBase"]
[PlyCount "26"]
[EventDate "2019.07.20"]
[EventType "swiss"]
[EventCountry "SUI"]
[SourceTitle "playchess.com"]
[Source "ChessBase"]
[SourceQuality "1"]
[TimeControl "40/5400+30:1800+30"]

1. e4 {[%emt 0:01:49]} e6 {[%emt 0:01:32]} 2. d4 {[%emt 0:00:06]} d5 {[%emt 0:00:04]} 3. Nc3 {[%emt 0:00:04]} dxe4 {[%emt 0:01:32]} 4. Nxe4 {[%emt 0:00:06]} Nd7 {[%emt 0:00:24]} 5. Nf3 {[%emt 0:00:06]} Ngf6 {[%emt 0:00:04]} 6. Bg5 {[%emt 0:00:18]} Be7 {[%emt 0:06:51]} 7. Nxf6+ {[%emt 0:00:12]} Bxf6 {[%emt 0:00:04]} 8. h4 {[%emt 0:00:24]} h6 {[%emt 0:07:53]} 9. Be3 {[%emt 0:04:56]} b6 {[%emt 0:02:31]} 10. Bb5 {[%emt 0:00:41]} Bb7 {[%emt 0:01:53]} 11. Qe2 {[%emt 0:00:10]} a6 {[%emt 0:09:01]} 12. Bd3 {[%emt 0:00:47]} c5 {[%emt 0:00:10]} 13. c3 {[%emt 0:07:22]} Qc7 {[%emt 0:05:34]} 1/2-1/2

[Event "Biel Master Tournament 2019"]
[Site "Biel"]
[Date "2019.07.29"]
[Round "7.7"]
[White "Tabatabaei, M.amin"]
[Black "Shchekachev, Andrei"]
[Result "1-0"]
[WhiteElo "2601"]
[BlackElo "2531"]
[Annotator "ChessBase"]
[PlyCount "67"]
[EventDate "2019.07.20"]
[EventType "swiss"]
[EventCountry "SUI"]
[SourceTitle "playchess.com"]
[Source "ChessBase"]
[SourceQuality "1"]
[TimeControl "40/5400+30:1800+30"]

1. e4 {[%emt 0:00:00]} c5 {[%emt 0:01:43]} 2. Nf3 {[%emt 0:00:00]} e6 {[%emt 0:00:35]} 3. d4 {[%emt 0:00:10]} cxd4 {[%emt 0:00:14]} 4. Nxd4 {[%emt 0:00:09]} a6 {[%emt 0:09:40]} 5. Bd3 {[%emt 0:00:14]} Nf6 {[%emt 0:02:08]} 6. O-O {[%emt 0:00:11]} Qc7 {[%emt 0:00:03]} 7. Qe2 {[%emt 0:00:12]} d6 {[%emt 0:00:08]} 8. c4 {[%emt 0:00:07]} Be7 {[%emt 0:03:22]} 9. Nc3 {[%emt 0:00:13]} b6 {[%emt 0:05:15]} 10. Kh1 {[%emt 0:02:54]} O-O {[%emt 0:05:51]} 11. f4 {[%emt 0:05:52]} Nbd7 {[%emt 0:03:36]} 12. Bd2 {[%emt 0:01:11]} Re8 {[%emt 0:00:24]} 13. Rad1 {[%emt 0:00:33]} Bb7 {[%emt 0:02:25]} 14. f5 {[%emt 0:00:34]} Bd8 {[%emt 0:09:25]} 15. fxe6 {[%emt 0:13:06]} fxe6 {[%emt 0:00:20]} 16. Bc2 {[%emt 0:08:36]} Ne5 {[%emt 0:08:20]} 17. Ba4 {[%emt 0:06:23]} Nfd7 {[%emt 0:11:13]} 18. Qh5 {[%emt 0:18:03]} Bf6 {[%emt 0:00:17]} 19. Qh3 {[%emt 0:00:07]} Nc5 {[%emt 0:09:46]} 20. Bxe8 Rxe8 {[%emt 0:00:02]} 21. b3 {[%emt 0:18:04]} Qe7 {[%emt 0:03:12]} 22. Qe3 {[%emt 0:11:05]} Ng4 {[%emt 0:07:32]} 23. Qg3 {[%emt 0:00:10]} Ne5 {[%emt 0:02:58]} 24. Nf3 {[%emt 0:00:52]} Nf7 {[%emt 0:02:39]} 25. Qg4 {[%emt 0:03:28]} Bc6 {[%emt 0:03:58]} 26. Be1 {[%emt 0:04:35]} Bd7 {[%emt 0:01:30]} 27. Bh4 {[%emt 0:01:45]} b5 {[%emt 0:01:37]} 28. b4 {[%emt 0:02:44]} e5 {[%emt 0:02:17]} 29. Qg3 {[%emt 0:01:15]} Bxh4 {[%emt 0:00:16]} 30. Nxh4 {[%emt 0:00:06]} Nb7 {[%emt 0:00:59]} 31. c5 {[%emt 0:01:17]} dxc5 {[%emt 0:01:44]} 32. Nd5 {[%emt 0:00:05]} Qg5 {[%emt 0:00:07]} 33. Qf2 {[%emt 0:00:48]} Nfd6 {[%emt 0:01:16]} 34. bxc5 {[%emt 0:00:18]} 1-0